|
|
|
|
| LEADER |
01388nam a2200289 a 4500 |
| 001 |
GR-MES16240 |
| 008 |
140225s2008 gr g 000 0 gre d |
| 020 |
|
|
|a 9789601217581
|
| 040 |
|
|
|a GrPaTEI
|b gre
|c GR-PaULI
|
| 040 |
|
|
|a GrPaTEI
|b gre
|c GR-PaULI
|
| 082 |
|
0 |
|a 657
|2 22
|
| 100 |
1 |
|
|a Κουτσούκης, Κωνσταντίνος Α.
|
| 245 |
1 |
0 |
|a Λογιστική Ι & ΙΙ /
|c Κωνσταντίνος Α. Κουτσούκης.
|
| 250 |
|
|
|a 4η έκδ.
|
| 260 |
|
|
|a Θεσσαλονίκη :
|b University studio press,
|c 2008
|
| 300 |
|
|
|a 50 1σ. :
|b πίν.
|
| 500 |
|
|
|a Περιλαμβάνει ευρετήριο
|
| 500 |
|
|
|a Σύστημα "ΕΥΔΟΞΟΣ" : αρ. εισ. 27221, 27222
|
| 504 |
|
|
|a Βιβλιογραφία: σ. 501
|
| 610 |
|
4 |
|a Σύστημα ΕΥΔΟΞΟΣ
|
| 650 |
|
4 |
|a Λογιστική
|
| 710 |
0 |
|
|a University studio press
|
| 942 |
|
|
|2 ddc
|
| 952 |
|
|
|0 0
|1 0
|2 ddc
|4 0
|6 657_000000000000000_ΚΟΥ
|7 0
|9 274225
|a MSLG
|b MSLG
|c EUD
|d 2021-01-17
|e 24
|f 0
|g 0.00
|l 0
|o 657 ΚΟΥ
|p 2420000027221
|r 2021-01-17 00:00:00
|t 1
|w 2021-01-17
|y BK15
|x 20140225 0 ΧΑΣΑΝΗ 1
|x GrPaTEI
|
| 952 |
|
|
|0 0
|1 0
|2 ddc
|4 0
|6 657_000000000000000_ΚΟΥ
|7 0
|9 274226
|a MSLG
|b MSLG
|c EUD
|d 2021-01-17
|e 24
|f 1
|g 0.00
|l 0
|o 657 ΚΟΥ
|p 2420000027222
|r 2021-01-17 00:00:00
|t 1
|v 2021.00
|w 2021-01-17
|y BK15
|x 20140225 0 ΧΑΣΑΝΗ 0
|x GrPaTEI
|
| 971 |
|
|
|a .b25822895
|b 16-04-20
|c 13-09-16
|
| 999 |
|
|
|c 158650
|d 158650
|